| 000 | 00651nam a2200217 a 4500 | ||
|---|---|---|---|
| 005 | 20240913063947.0 | ||
| 008 | 040426s2003 mx r 000 0 spa d | ||
| 020 | _a8426426220 | ||
| 035 | _aUPN01000133108 | ||
| 049 | _aCG | ||
| 050 | 4 |
_aPQ4813 C6 _bE3.5 |
|
| 100 | 1 |
_aEco, Umberto, _d1932-2016 _930161 |
|
| 245 | 1 | 3 |
_aEl nombre de la rosa / _cUmberto Eco ; tr. Ricardo Pochtar. |
| 260 |
_aMéxico : _bLumen, _cc2003. |
||
| 300 | _a670 p. | ||
| 440 | 0 |
_aPalabra seis. _pNarrativa ; _v2 |
|
| 534 |
_pTraducción de: _tIn nome della rosa |
||
| 650 | 0 |
_aNovela italiana _95076 |
|
| 650 | 4 |
_aMONASTICISMO Y ORDENES RELIGIOSAS _915610 |
|
| 905 | _aLibro | ||
| 999 |
_c105261 _d105261 |
||